logo

Bir Sreshtho Munshi Abdur Rouf Library
Jhenaidah Cadet College

The coming revolution in medicine / (Record no. 6094)

MARC details
000 -LEADER
fixed length control field 00988cam a22002891 4500
001 - CONTROL NUMBER
JCCL Control Number 6094
003 - CONTROL NUMBER IDENTIFIER
JCCL marc code MCM
005 - DATE AND TIME OF LATEST TRANSACTION
control field 20180211193616.0
008 - FIXED-LENGTH DATA ELEMENTS--GENERAL INFORMATION
fixed length control field 740506s1967 maua b 001 0 eng
035 ## - SYSTEM CONTROL NUMBER
system control number (BD-JhCC)6094
040 ## - CATALOGING SOURCE
Original cataloging agency DLC
Transcribing agency DLC
Modifying agency KKP
-- MYG
-- BD-JhCC
041 ## - LANGUAGE CODE
Language code of Book eng
082 ## - DEWEY DECIMAL CLASSIFICATION NUMBER
Classification number 610.973
Author mark and Year RUS 1967
090 ## - LOCALLY ASSIGNED LC-TYPE CALL NUMBER (OCLC); LOCAL CALL NUMBER (OCLC)
Classification number (OCLC) (R) ; Classification number, CALL (RLIN) (NR) R151
Local cutter number (OCLC) ; Book number/undivided call number, CALL (RLIN) .R981
099 ## - LOCAL FREE-TEXT CALL NUMBER
Classification number R151.R981
100 1# - MAIN ENTRY--PERSONAL NAME
Personal name Rutstein, David D.
Fuller form of name (David Davis),
Dates associated with a name 1909-1986.
245 14 - TITLE STATEMENT
Title The coming revolution in medicine /
Statement of responsibility, etc [by] David D. Rutstein.
260 ## - PUBLICATION, DISTRIBUTION, ETC. (IMPRINT)
Place of publication, distribution, etc Cambridge, Mass.,
Name of publisher, distributor, etc MIT Press:
Date of publication, distribution, etc [1967].
300 ## - PHYSICAL DESCRIPTION
Pagination xi, 180 p.
Other physical details illus.
Dimensions 21 cm.
490 1# - SERIES STATEMENT
Series statement M.I.T. Press publications
500 ## - GENERAL NOTE
General note Four essays based on a series of lectures delivered at the Massachusetts Institute of Technology in the fall of 1966.
504 ## - BIBLIOGRAPHY, ETC. NOTE
Bibliography, etc Bibliographical footnotes.
650 #0 - SUBJECT ADDED ENTRY--TOPICAL TERM
Topical term or geographic name as entry element Medicine
Geographic subdivision United States.
650 #0 - SUBJECT ADDED ENTRY--TOPICAL TERM
Topical term or geographic name as entry element Medical care
Geographic subdivision United States.
830 #0 - SERIES ADDED ENTRY--UNIFORM TITLE
Uniform title M.I.T. Press publications.
942 ## - ADDED ENTRY ELEMENTS (KOHA)
Source of classification or shelving scheme Dewey Decimal Classification
Koha item type Books
Holdings
Source of classification or shelving scheme Damaged status Not for loan Home library Current library Shelving location Date of accession Total Checkouts Full call number Barcode Date last seen Copy number Koha item type
Dewey Decimal Classification     JCC Rouf Library JCC Rouf Library General Stacks 01/01/2018   610.973 RUS 1967 8493 01/01/2018 C-1 Books

JCC Library | Contacts | JCC Home

Last Update on 23 September 2017
Copyright @ 2017-2020 JCC Rouf Library
Rouf Library, Jhenidah Cadet College (JCC), Bangladesh